Statistiques concernant Les communes les plus peuplées du Val d'Oise (95)

Cliquez ici pour prendre le quiz!

Statistiques générales

  • Ce quiz a été pris 247 fois
  • Le résultat moyen est 10 sur 15

Statistiques - réponses

PopulationVille% Correct
66 838Cergy
97%
110 766Argenteuil
93%
31 992Pontoise
92%
59 063Sarcelles
91%
29 314Ermont
66%
37 179Franconville
66%
25 454Eaubonne
64%
43 051Garges-lès-Gonesse
61%
26 139Gonesse
60%
30 315Herblay
53%
26 821Sannois
53%
30 784Goussainville
51%
28 157Villiers-le-Bel
49%
26 765Taverny
48%
30 608Bezons
38%

Distribution des résultats

Percentile par nombre de réponses

% des personnes avec chaque résultat

Votre développement - résultats

Vous n’avez pas pris ce quiz